000 02196cam a22005534i 4500
003 PE-LiUPU
005 20250731184528.0
008 150623s1981 xxua rb 000 0 eng d
020 _a0931464080
020 _a9780931464089
035 _a(Sirsi) i9780931464089
040 _aPE-LiUPU
_bspa
_cPE-LiUPU
_dPE-LiUPU
_erda
041 1 _aakk
_aeng
_afre
_ager
_aita
049 _aPRUA
082 0 4 _a935
_bS72
_221
245 0 0 _aGeneral studies and excavations at Nuzi 9/1 /
_cMorrison, M. A. (Martha A.), Owen, David I.
264 1 _aWinona Lake, Indiana :
_bEisenbrauns,
_c1981.
300 _a496 páginas :
_bilustraciones ;
_c26 centímetros.
336 _atext
_2rdacontent
337 _aunmediated
_2rdamedia
338 _avolume
_2rdacarrier
490 0 _aStudies on the civilization and culture of Nuzi and the Hurrians ;
_v2
504 _aBibliografía al pie de páginas.
505 0 _aGeneral studies: Semites and Hurrians in northern transtigris. -Two documents from the diverse collections in Istanbul. -Ein neues Nuzi-Graphem für den Ausdruck abbutta mussuru und neue Gedanken zu den strafklauseln .. . -Texts in the Harvard semitic museum excavations at Nuzi 9/1. -Catalogue of texts. -Index by SMN Numbers. -Index by Room Number. -Index of Scribes. -Plates.
526 _aP136
526 _aP135
526 _aP134
526 _aP133
526 _aP144
526 _aP143
526 _aP87
526 _aP35
526 _aP20
526 _aP14
526 _aP10
526 _aP06
650 0 4 _aAcadio (Idioma)
_vTextos.
650 0 4 _aCiencias Sociales
_xArqueología.
650 0 4 _aHurritas.
650 0 4 _aNuzi (Ciudad extinta).
700 1 _aMorrison, M. A.,
_eeditor.
700 1 _aOwen, D. I.,
_d1940- ,
_eeditor.
942 _2ddc
_cBOOK
949 _a935 S72
_wDEWEY
_c1
_i44742
_lCCODEBUL1
_mBUL
_p70.00
_r0
_sY
_tBOOK
_u2015-6-24
_xTEOLOGIA
_PP35
_0COMPRA
_o.STAFF. Colección General
994 _aC0
_bPEPRU
596 _a1
999 _a935 S72
_wDEWEY
_c21608
_i44742
_d21608
_f2021-11-11
_g5
_lCCODEBUL1
_mBUL
_p70.00
_q1
_r0
_sY
_tBOOK
_u2015-6-24
_xTEOLOGIA
_PP35
_0COMPRA
_o.STAFF. Colección Teología
980 _81
_gALBERTO SANCHEZ Responsable de Automatización